Foreign Trade Cooperation of Slovakia with Kazakhstan and Kyrgyzstan and Opportunities for Slovak Exporters
Skúmanie postavenia Kazachstanu a Kirgizska v zahraničnoobchodných vzťahoch Slovenska. Analýza vzájomnej obchodnej výmeny a intenzity obchodu, s cieľom zhodnotiť význam týchto krajín vo vonkajších hospodárskych vzťahoch Slovenska. Načrtnutie súčasných príležitostí pre slovenských vývozcov a perspekt...
Saved in:
| Main Author: | |
|---|---|
| Format: | Book Chapter |
| Language: | English |
| Subjects: | |
| Tags: |
No Tags, Be the first to tag this record!
|
MARC
| LEADER | 00000naa$a2200000$$$4500 | ||
|---|---|---|---|
| 001 | 0263413 | ||
| 005 | 20240502074201.6 | ||
| 041 | 0 | |a eng | |
| 044 | |a SK | ||
| 245 | 1 | 0 | |a Foreign Trade Cooperation of Slovakia with Kazakhstan and Kyrgyzstan and Opportunities for Slovak Exporters |c Natália Barinková |
| 520 | |a Skúmanie postavenia Kazachstanu a Kirgizska v zahraničnoobchodných vzťahoch Slovenska. Analýza vzájomnej obchodnej výmeny a intenzity obchodu, s cieľom zhodnotiť význam týchto krajín vo vonkajších hospodárskych vzťahoch Slovenska. Načrtnutie súčasných príležitostí pre slovenských vývozcov a perspektívna obchodná spolupráca medzi príslušnými krajinami. Špecifikácia kazašskej a kirgizskej ekonomiky. Intenzita zahraničných obchodných vzťahov Slovenska s Kazachstanom a Kirgizstanom. Grafy a tabuľky na sprehľadnenie údajov o zahraničnom obchode. | ||
| 610 | 2 | 0 | |a obchod zahraničný |
| 610 | 2 | 0 | |a vzťahy hospodárske medzinárodné |
| 610 | 2 | 0 | |a situácia hospodárska |
| 610 | 2 | 0 | |a spolupráca hospodárska medzinárodná |
| 610 | 2 | 0 | |a Kazachstan |
| 610 | 2 | 0 | |a Kirgizsko |
| 610 | 2 | 0 | |a Slovensko |
| 610 | 2 | 0 | |a vzťahy zahraničné |
| 610 | 2 | 0 | |a vývoz |
| 100 | 1 | |a Barinková, Natália | |